Inversión extranjera y mexicanización
Spremljeno u:
| Glavni autor: | |
|---|---|
| Format: | Tekst |
| Izdano: |
México:
Proyecto Lázaro Cárdenas sobre la Condición Estratégica del Petróleo en el Hemisferio Occidental
|
| Oznake: |
Dodaj oznaku
Bez oznaka, Budi prvi tko označuje ovaj zapis!
|
MARC
| LEADER | 00000 a a2200000 04500 | ||
|---|---|---|---|
| 001 | 14133 | ||
| 003 | |||
| 040 | |||
| 090 | |a 027500 | ||
| 100 | |a Palomares Esquivel, Laura | ||
| 245 | |a Inversión extranjera y mexicanización | ||
| 260 | |a México: |b Proyecto Lázaro Cárdenas sobre la Condición Estratégica del Petróleo en el Hemisferio Occidental | ||
| 300 | |a 2; 151 p. | ||
| 999 | |c 16260 |d 16260 | ||
